Statistics for Wicked For Good Lyrics

Click here to take the quiz!

General Stats

  • This quiz has been taken 940 times
  • The average score is 285 of 332

Answer Stats

HintAnswer% Correct
For
99%
for.
99%
for
99%
| Both:I
98%
a
97%
be
97%
the
97%
good.
96%
changed...
95%
changed
95%
it
95%
Elphaba:It
95%
| Glinda:I've
95%
me
95%
me,
95%
that
95%
to
95%
you.
95%
you
95%
you,
95%
you...
95%
Elphaba:In
94%
in
94%
| Elphaba: | Glinda:Like
94%
like
94%
been
93%
have
93%
we
93%
| Both: | Elphaba:And
92%
GlindaAnd,
92%
and
92%
better.
92%
better?
92%
better
92%
but
92%
Glinda:But
92%
come
92%
do
92%
if
92%
because
91%
Both: | Elphaba: | Glinda:Because
91%
from
91%
knew
91%
know
91%
who
91%
| Both:Who
91%
so
90%
so,
90%
can
89%
say
89%
Glinda:As
88%
as
88%
heard
88%
our
88%
into
87%
people
87%
said,
87%
learn
86%
lives
86%
meet
86%
believe
85%
let
85%
of
85%
reason -
85%
wood.
85%
well
84%
well,
84%
am
83%
don't
83%
orbit
83%
orbit...
83%
them
83%
I'm
82%
may
82%
sun.
82%
sun...
82%
true
82%
help
81%
return
81%
that's
81%
this
81%
today
81%
us
81%
are
80%
comet
80%
must
80%
never
80%
passes
80%
again
79%
pulled
79%
something
79%
Elphaba:By
78%
by
78%
grow
78%
lifetime
78%
will
78%
Glinda:Halfway
77%
halfway
77%
most
77%
my
77%
on
77%
those
77%
through
77%
what
77%
before
76%
bringing
76%
ship
76%
boulder
75%
boulder...
75%
is
75%
sea...
75%
sea.
75%
stream
75%
with
75%
meets
74%
much
74%
part
74%
it's
73%
learned
73%
You'll
73%
heart.
72%
friend.
71%
handprint
70%
wind
69%
being
68%
made
68%
now
67%
distant
66%
just
66%
lead
64%
mine
64%
rewritten
64%
way
64%
end
63%
skybird
63%
stories
63%
clear
62%
things
62%
whatever
62%
air
61%
blame
61%
done
60%
ask
59%
blown
59%
dropped
58%
forgiveness
58%
mooring
58%
mooring...
58%
seed
57%
off
55%
share.
55%
then
55%
there's
54%
anymore.
53%
guess,
53%
matter
53%
none
53%
seems
53%
bird...
46%

Score Distribution

Percentile by Number Answered

Percent of People with Each Score

Your Score History

You have not taken this quiz